000 00463nam a2200157Ia 4500
008 220204s9999 xx 000 0 und d
082 _a57.088.6:63
_bLAN.2
100 _aL'Annunziata, M F
245 0 _aIsotopes and radiation in agricultural sciences. V 2. Animals plants food and the environment
260 _aLondon
_bAcademic
_c1984
650 _aCrop physiology
650 _aFood preservation
650 _aIsotopes
700 _aLegg, J O
942 _cBK
999 _c39746
_d39746